00451 2200181 4500001002100000008004100021035002000062245004800082100001900130250000600149260003200155300001200187020002200199084001400221082000800235650001400243990001200257INLIS000000000001237 ind  a0010-0524000472 aJuara Olimpiade Kimia 1cDrs. Sura J. Kitti aKitti, Sura J. a1 aJakarta :bPT. Kandelc2019 a359 hlm a978-602-6878-59-5 a540 SUR j a540 aNon Fiksi a0744953